000 00746nam a2200229 a 4500
001 BRL_498
005 20190320210754.0
008 210813s1965----gw-abo####---#000-0#ger-#
041 _ager
044 _agw
050 4 _aN5305
_b.K86 15 1965
100 1 _aC. Swann, Peter
_924114
245 1 0 _aJapan
_bVon der Jomon-zur Tokugawa-Zeit
_cVon Peter C. Swann.
260 _aGermany
_bHolle-Verlag Baden-Baden
_c1965
300 _a250 p.
_bil. (algunas a color), mapas
_c23 cm.
440 0 _aKunst der Welt; ihre geschichtlichen, soziologischen und religiösen Grundlagen
_pDie aussereuropäischen Kulturen
_v15
_924115
500 _aAu517
500 _aBibliografía: p. 240-242
650 1 4 _aArte japonés
_91193
902 _aGRL
942 _2lcc
_cB
999 _c9310
_d9310